Zima už nemusí byť kritická
Vývoj cien elektriny a plynu už vykazuje určitú stabilizáciu. Ani silné udalosti, ako skutočný výpadok nórskych dodávok potrubného plynu do Európy, alebo hrozba austrálskeho štrajku a následný možný pokles austrálskych dodávok LNG do Ázie, už nedokážu vytlačiť ceny plynu, ani elektriny na viac, ako...
Salvato in:
| Autore principale: | |
|---|---|
| Natura: | Capitolo di libro |
| Lingua: | slovacco |
| Soggetti: | |
| Tags: |
Nessun Tag, puoi essere il primo ad aggiungerne!!
|
MARC
| LEADER | 00000naa a2200000 4500 | ||
|---|---|---|---|
| 001 | 0298047 | ||
| 005 | 20240417075259.0 | ||
| 041 | 0 | |a slo | |
| 044 | |a CZ | ||
| 245 | 1 | 0 | |a Zima už nemusí byť kritická |c Ján Pišta |
| 520 | |a Vývoj cien elektriny a plynu už vykazuje určitú stabilizáciu. Ani silné udalosti, ako skutočný výpadok nórskych dodávok potrubného plynu do Európy, alebo hrozba austrálskeho štrajku a následný možný pokles austrálskych dodávok LNG do Ázie, už nedokážu vytlačiť ceny plynu, ani elektriny na viac, ako niekoľko mesačné maximá a už vôbec nie na minuloročné hodnoty. | ||
| 610 | 2 | 0 | |a elektrina |
| 610 | 2 | 0 | |a elektroenergetika |
| 610 | 2 | 0 | |a plyn |
| 610 | 2 | 0 | |a ceny |
| 610 | 2 | 0 | |a dodávky |
| 610 | 2 | 0 | |a stabilizácia hospodárstva |
| 610 | 2 | 0 | |a Európa |
| 610 | 2 | 0 | |a Ázia |
| 100 | 1 | |a Pišta, Ján | |